00422nam a2200157Ia 4500008004100000020001400041082001600055100002000071245003600091250000800127260003900135300002900174500001900203600002700222650001500249240925s9999 xx 000 0 und d a195117778 a629.832 CHE aChen, Tsong-Chi 0aLinear System Theory and Design a3rd aOxford:bOxford Universityc,1999. axxv,756p.bNAfPhotocopy aIncludes Index aElectronic Engineering aTechnology